[Event "Barcelona Torxa op 2nd"]
[Site "Barcelona"]
[Date "2009.09.07"]
[Round "5"]
[White "Carbasa Sanchez, Enric"]
[Black "Gauchola Fernandez, Pol"]
[Result "1-0"]
[WhiteElo "1735"]
[BlackElo "1700"]
[PlyCount "107"]
[EventDate "2009.09.01"]
[EventType "swiss"]
[EventRounds "7"]
[EventCountry "ESP"]
[SourceTitle "EXT 2024"]
[Source "ChessBase"]
[SourceDate "2023.10.10"]
[SourceVersion "1"]
[SourceVersionDate "2023.10.10"]
[SourceQuality "1"]

1. e4 e5 2. Nf3 Nc6 3. Nc3 Nf6 4. Bb5 d6 5. 0-0 g6 6. d4 Bg4 7. d5 a6 8. dxc6 axb5 9. cxb7 Rb8 10. h3 Bxf3 11. Qxf3 Rxb7 12. Bg5 Bg7 13. Nd5 0-0 14. Nxf6+ Bxf6 15. Qxf6 Qxf6 16. Bxf6 Rb6 17. Bg5 Rc6 18. c3 f6 19. Be3 Rc4 20. f3 f5 21. exf5 gxf5 22. Rfe1 f4 23. Bd2 Ra4 24. b3 Ra3 25. Re4 Rfa8 26. Kf2 Rxa2 27. Rxa2 Rxa2 28. Ke1 Ra3 29. Rb4 c6 30. c4 Ra5 31. cxb5 cxb5 32. Re4 Ra1+ 33. Ke2 Rg1 34. Kf2 Rd1 35. Be1 Rd4 36. Rxd4 exd4 37. Bd2 Kf7 38. Bxf4 Ke6 39. Ke2 Kd5 40. Kd3 b4 41. g4 Kc5 42. h4 d5 43. h5 h6 44. Bxh6 Kb5 45. g5 Kc5 46. g6 Kb6 47. g7 Kc6 48. g8Q Kd6 49. Kxd4 Kc6 50. Qxd5+ Kc7 51. Bf4+ Kc8 52. Qf7 Kd8 53. Kd5 Kc8 54. Qc7# 1-0

[Event "Barcelona Torxa op 2nd"]
[Site "Barcelona"]
[Date "2009.09.01"]
[Round "1"]
[White "Carbasa Sanchez, Enric"]
[Black "Angles Borrell, Oscar"]
[Result "0-1"]
[WhiteElo "1735"]
[BlackElo "1897"]
[PlyCount "136"]
[EventDate "2009.09.01"]
[EventType "swiss"]
[EventRounds "7"]
[EventCountry "ESP"]
[SourceTitle "EXT 2024"]
[Source "ChessBase"]
[SourceDate "2023.10.10"]
[SourceVersion "1"]
[SourceVersionDate "2023.10.10"]
[SourceQuality "1"]

1. e4 e5 2. Nf3 Nc6 3. Bc4 Bc5 4. c3 Nf6 5. d4 exd4 6. cxd4 Bb4+ 7. Nc3 0-0 8. 0-0 Bxc3 9. bxc3 Nxe4 10. d5 Ne7 11. Ba3 d6 12. Re1 Nf6 13. Re2 Bg4 14. Qd3 Ng6 15. h3 Ne5 16. Rxe5 dxe5 17. Bxf8 Qxf8 18. hxg4 e4 19. Qe2 exf3 20. gxf3 Re8 21. Qb2 Qc5 22. Qb4 Qxb4 23. cxb4 Rd8 24. Re1 h6 25. Re5 Kf8 26. g5 Nd7 27. gxh6 Nxe5 28. h7 Ke7 29. Bb3 Rh8 30. Bc2 Nxf3+ 31. Kg2 Nd4 32. Bd3 g6 33. a4 Rxh7 34. f4 Rh4 35. Kg3 Rh1 36. Be4 Re1 37. Bg2 Rb1 38. b5 Rb4 39. Bf1 Rxa4 40. Kg4 Ra5 41. Bd3 Rxb5 42. Bxb5 Nxb5 43. Kf3 Kd6 44. Kg4 a5 45. Kg5 Ke7 46. f5 gxf5 47. Kxf5 a4 48. Ke4 a3 49. Kd3 a2 50. Kc4 a1Q 51. Kxb5 Qb2+ 52. Kc4 Kd6 53. Kd3 Kxd5 54. Ke3 Qc2 55. Kf4 Qd3 56. Kg4 Ke5 57. Kh5 Kf5 58. Kh6 Qe3+ 59. Kg7 Qe5+ 60. Kxf7 Qe6+ 61. Kg7 Ke5 62. Kf8 Kf5 63. Kg7 Qf6+ 64. Kh7 Qf7+ 65. Kh8 Qh5+ 66. Kg7 Ke6 67. Kg8 Kf6 68. Kf8 Qh8# 0-1